000 00374nam a2200133Ia 4500
008 220217s9999||||xx |||||||||||||| ||und||
020 _a81-265-0210-X
082 _a005.74 GRE
100 _aGreenwald, Rick Milbery, Jim
_92794
245 0 _aOracle9iAS portal bible
260 _aHungry minds
_bNew Delhi
_c2001
300 _b499
650 _aDATA FILES & DATABASE
_9695
999 _c170023
_d170023